Deepwater rice planning meeting
Đã lưu trong:
| Hovedforfatter: | |
|---|---|
| Format: | Bog |
| Sprog: | Undetermined |
| Udgivet: |
Thailand
Rice research institute
1989
|
| Fag: | |
| Tags: |
Tilføj Tag
Ingen Tags, Vær først til at tagge denne postø!
|
| Thư viện lưu trữ: | Trung tâm Học liệu Trường Đại học Cần Thơ |
|---|
| LEADER | 00539nam a2200181Ia 4500 | ||
|---|---|---|---|
| 001 | CTU_122840 | ||
| 008 | 210402s9999 xx 000 0 und d | ||
| 082 | |a 631.7 | ||
| 082 | |b S563 | ||
| 100 | |a Sittiyos, Prathes | ||
| 245 | 0 | |a Deepwater rice planning meeting | |
| 245 | 0 | |c Prathes Sittiyos, Lalida Satawathananont, Somchoke Sinoupakarn | |
| 260 | |a Thailand | ||
| 260 | |b Rice research institute | ||
| 260 | |c 1989 | ||
| 650 | |a Deepwater | ||
| 904 | |i Hiếu, Huỳnh Mai | ||
| 980 | |a Trung tâm Học liệu Trường Đại học Cần Thơ | ||